Conversaciones con Juan Ramón Jiménez / (Record no. 182655)
[ view plain ]
| 000 -LEADER | |
|---|---|
| campo de control de longitud fija | 01056nam a2200277 i 4500 |
| 001 - NÚMERO DE CONTROL | |
| campo de control | 182655 |
| 003 - IDENTIFICADOR DE NÚMERO DE CONTROL | |
| campo de control | ES-MaACL |
| 005 - FECHA Y HORA DE LA ÚLTIMA TRANSACCIÓN | |
| campo de control | 20250902225549.0 |
| 008 - DATOS DE LONGITUD FIJA--INFORMACIÓN GENERAL | |
| campo de control de longitud fija | 131008s2008 sp | |||||||| | spa d |
| 020 ## - NÚMERO INTERNACIONAL ESTÁNDAR DEL LIBRO | |
| Número Internacional Estándar del Libro | 978-84-936669-6-5 |
| 080 ## - NÚMERO DE LA CLASIFICACIÓN DECIMAL UNIVERSAL | |
| Número de la Clasificación Decimal Universal | 929 Jiménez, Juan Ramón |
| 080 ## - NÚMERO DE LA CLASIFICACIÓN DECIMAL UNIVERSAL | |
| Número de la Clasificación Decimal Universal | 821.134.2 Jiménez, Juan Ramón 1.07 |
| 100 1# - ENTRADA PRINCIPAL--NOMBRE DE PERSONA | |
| Nombre de persona | Gullón, Ricardo, |
| Fechas asociadas al nombre | 1908-1991 |
| 9 (RLIN) | 60938 |
| 245 10 - MENCIÓN DEL TÍTULO | |
| Título | Conversaciones con Juan Ramón Jiménez / |
| Mención de responsabilidad, etc. | Ricardo Gullón ; prefacio de Pedro Lastra. |
| 260 ## - PUBLICACIÓN, DISTRIBUCIÓN, ETC. | |
| Lugar de publicación, distribución, etc. | Sevilla : |
| Nombre del editor, distribuidor, etc. | Sibilina : |
| -- | Fundación BBVA, |
| Fecha de publicación, distribución, etc. | [2008] |
| 300 ## - DESCRIPCIÓN FÍSICA | |
| Extensión | 152 p. ; |
| Dimensiones | 21 cm. |
| 490 1# - MENCIÓN DE SERIE | |
| Mención de serie | Biblioteca Sibila-Fundación BBVA de poesía en español |
| 500 ## - NOTA GENERAL | |
| Nota general | Índice. |
| 600 14 - PUNTO DE ACCESO ADICIONAL DE MATERIA--NOMBRE DE PERSONA | |
| Nombre de persona | Jiménez, Juan Ramón, |
| Fechas asociadas al nombre | 1881-1958 |
| 9 (RLIN) | 66417 |
| 700 1# - ENTRADA AGREGADA--NOMBRE PERSONAL | |
| Nombre de persona | Lastra, Pedro. |
| 9 (RLIN) | 150088 |
| 830 0# - PUNTO DE ACCESO ADICIONAL DE SERIE-TÍTULO UNIFORME | |
| Título uniforme | Biblioteca Sibila-Fundación BBVA de poesía en español |
| 9 (RLIN) | 191809 |
| 852 ## - LOCALIZACIÓN | |
| Ubicación | ES-MaACL |
| Número de control de estantería | A-12811 |
| itemnumber | 189572 |
| Sublocalización o colección | R.149023 |
| Ubicación en estantería | Depósito 1 |
| Signatura antigua | Olim: N-5811 |
| Encuadernación | Donación: Fundación BBVA |
| 914 ## - NOMBRE ENTIDAD DE DONANTE | |
| Nombre de congreso/reunión o jurisdicción como elemento de entrada | Fundación BBVA |
| Unidad subordinada | Donante |
| RLIN | 4230 |
| 942 ## - ELEMENTOS DE ENTRADA SECUNDARIOS (KOHA) | |
| Fuente del sistema de clasificación o colocación | Clasificación decimal universal |
| Tipo de ítem Koha | Libro impreso |
| Estatus retirado | Estado de pérdida | Fuente del sistema de clasificación o colocación | Estado de daño | No para préstamo | Biblioteca de origen | Biblioteca actual | Ubicación en estantería | Fecha de adquisición | Fuente de adquisición | Total de préstamos | Signatura topográfica completa | Código de barras | Visto por última vez | Precio de reemplazo | Tipo de ítem Koha |
|---|---|---|---|---|---|---|---|---|---|---|---|---|---|---|---|
| Clasificación decimal universal | Biblioteca del Ateneo de Madrid | Biblioteca del Ateneo de Madrid | Depósito 1 | 08/10/2013 | Donación | A-12811 | 1191956 | 23/02/2023 | 23/02/2023 | Libro impreso |
